| 000 | 00982nam a2200289Ia 4500 | ||
|---|---|---|---|
| 001 | Para_8840 | ||
| 003 | CHAP | ||
| 008 | 220125s2003 xx 000 0 und d | ||
| 010 | _a207603 | ||
| 040 | _cCHAP | ||
| 090 | _aPA TESIS 1802 | ||
| 100 |
_aGonzález Cabrera, Jaime _948744 |
||
| 245 |
_aProducción de chinche nativa depredadora (Orius tristicolor) y la respuesta funcional de su F5 como agente de control biológico / _c por Jaime González Cabrera |
||
| 260 |
_aChapingo, Méx. : _b el autor |
||
| 300 | _a84 h. | ||
| 502 | _aTesis (M.C. Esp. Protección Vegetal) UACh. Departamento Parasitología Agrícola | ||
| 650 |
_aControl biológico de plagas _927587 |
||
| 650 |
_aOrius tristicolor _983588 |
||
| 710 |
_aUACh. Departamento Parasitología Agrícola _9164025 |
||
| 901 | _aPA TESIS 1802 | ||
| 902 | _aA | ||
| 905 | _a0000002003 ain 0000000000 00 | ||
| 910 | _a2003 | ||
| 942 | _cPARA | ||
| 942 |
_cPARA _d1 |
||
| 999 |
_c207603 _d207603 |
||